Name that food - Statistics

General Stats
  • This quiz has been taken 1,081 times
  • The average score is 10 of 15
Answer Stats
Fruit Clues % Correct
Orange It's orange and juicy
99%
Apple It starts with A and ends with E
95%
banana its yellow and monkeys like it
95%
Blueberry its blue and small
94%
Grape It's a fruit and is small and round
83%
kiwi nickname for new zealand
77%
strawberry its juicy and red and it's fun going to pick them
77%
pineapple its yellow and has a green spikes
67%
Mango its a tropical fruit
65%
blackberry their black
59%
pear it's green and is in a raindrop shape
54%
watermelon it has black seeds in it
54%
tomato its red and grows on a vine
40%
peaches their peach
20%
Lychee You have to peel of the bumpy bit
11%
No matching quizzes found
Score Distribution
Percent of People with Each Score
Percentile by Number Answered
Your Score History
You have not taken this quiz